Movies Quiz

Random Movies or Animal Quiz
Score 0/20 Timer 06:00
0 Plays Today
% Correct
The Simpsons Movie
94.5%
Lassie Come Home
87.5%
One Hundred and One Dalmatians
86.9%
The Fox and the Hound
85.6%
Ace Ventura: When Nature Calls
85.3%
Hercules
78.3%
Back to the Future
78%
I Am Legend
74.9%
Beauty and the Beast
68.1%
Water for Elephants
57.2%
% Correct
Old Yeller
51.7%
There's Something About Mary
46.9%
Despicable Me
44.4%
John Wick
40.9%
As Good as It Gets
20%
The Silence of the Lambs
18.9%
Pet Sematary
17.8%
Kes
13.3%
Because of Winn-Dixie
9.4%
Anchorman 2: The Legend Continues
7%
Remove Ads.
Support Sporcle.
Get the best of Sporcle when you Go Orange. This ad-free experience offers more features, more stats, and more fun while also helping to support Sporcle. Thank you for becoming a member.

You're not logged in!

Compare scores with friends on all Sporcle quizzes.
OR
Log In

Show Comments

Extras

Top Quizzes Today


Score Distribution

Your Account Isn't Verified!

In order to create a playlist on Sporcle, you need to verify the email address you used during registration. Go to your Sporcle Settings to finish the process.

Report this User

Report this user for behavior that violates our Community Guidelines.

Details: